Najviac cien získala Záhrada Karlovarský filmový festival v slovenskej réžii

Bibliographic Details
Main Author: Hrudková, Marcela (Author)
Format: Article
Language:Slovak
PhysicalDescription:Fotogr. 2
Subjects:

MARC

LEADER 00000nab a2200000 a 4500
001 vtls000553514
003 SK-MaSNL
005 20260303014758.0
008 160201c1995 xo 0 slo
015 |a SNBRB19rr/mm-uuuuu 
035 |a CL0553652 
040 |a SNKBUCL  |b slo  |c SNKBUCL  |e AACR2 
041 0 |a slo 
044 |a xo  |c SK 
080 |a 791.43.091.4  |2 1981 
100 1 |a Hrudková, Marcela  |4 aut  |9 889979 
245 1 0 |a Najviac cien získala Záhrada  |b Karlovarský filmový festival v slovenskej réžii  |c Marcela Hrudková 
300 |b Fotogr. 2 
650 0 7 |a Medzinárodný filmový festival 1995, Karlovy Vary  |2 snkbucl  |9 996884 
655 7 |a články z novín a časopisov  |2 snkbucl  |9 267496 
773 0 |t Slovenská republika  |g Roč. 2, č. 173 (27. 7. 1995), s. 7 
850 |a Slovenská národná knižnica v Martine  |a MTA001 
852 |a SNK  |b KIS3GCP 
958 |a RK 
958 |a CZ 
992 |a RBX 
999 |c 1609354  |d 1611284